La pequeña y mediana industria en la encrucijada / (Registro nro. 49342)

Detalles MARC
000 -LEADER
fixed length control field 01173nam a2200289 4500
001 - CONTROL NUMBER
control field 0000021401
003 - CONTROL NUMBER IDENTIFIER
control field CO-CtgCURN
005 - DATE AND TIME OF LATEST TRANSACTION
control field 20250730205956.0
008 - FIXED-LENGTH DATA ELEMENTS--GENERAL INFORMATION
fixed length control field 160627s1998 000 0 eng d
020 ## - INTERNATIONAL STANDARD BOOK NUMBER
International Standard Book Number 9586281558
040 ## - CATALOGING SOURCE
Original cataloging agency CO-CtgCURN
Language of cataloging spa
Transcribing agency coctgcurn
082 0# - DEWEY DECIMAL CLASSIFICATION NUMBER
Classification number 658
Item number Z373p
100 1# - MAIN ENTRY--PERSONAL NAME
Personal name Zerda Sarmiento, Alvaro.
245 13 - TITLE STATEMENT
Title La pequeña y mediana industria en la encrucijada /
Statement of responsibility, etc. Alvaro Zerda Sarmiento, Nicolas Rincon Gille.
260 ## - PUBLICATION, DISTRIBUTION, ETC.
Place of publication, distribution, etc. Bogotá :
Name of publisher, distributor, etc. Universidad Nacional de Colombia,
Date of publication, distribution, etc. 1998.
300 ## - PHYSICAL DESCRIPTION
Extent 226 p.
336 ## - CONTENT TYPE
Source rdacontent
337 ## - MEDIA TYPE
Source rdamedia
Media type term sin mediacion
Media type code n
338 ## - CARRIER TYPE
Source rdacarrier
Carrier type term volumen
Carrier type code nc
504 ## - BIBLIOGRAPHY, ETC. NOTE
Bibliography, etc. note Bibliografia (p. 215)
505 8# - FORMATTED CONTENTS NOTE
Formatted contents note El estatus conceptual de la pequeña y mediana industria.--Rentabilidad y tamaño de la industria.--Cambio tecnico y productividad.--Política economica y pequeña y mediana industria.--Comportamiento y determinantes de la dinamica en la pequeña y mediana industria
650 #0 - SUBJECT ADDED ENTRY--TOPICAL TERM
Topical term or geographic name entry element Microempresas.
700 1# - ADDED ENTRY--PERSONAL NAME
Personal name Rincon Gille, Nicolas.
908 ## - PUT COMMAND PARAMETER (RLIN)
Put command parameter 160627
942 ## - ADDED ENTRY ELEMENTS (KOHA)
Koha item type Libros
Classification part 658
Item part Z373p
Source of classification or shelving scheme Dewey Decimal Classification
999 ## - SYSTEM CONTROL NUMBERS (KOHA)
-- 1
Existencias
Withdrawn status Lost status Source of classification or shelving scheme Damaged status Not for loan Home library Current library Shelving location Date acquired Total checkouts Full call number Barcode Date last seen Price effective from Koha item type
    Dewey Decimal Classification     Miguel Henríquez Castañeda Miguel Henríquez Castañeda General 03/04/2019   658 Z373p 010974 03/04/2019 03/04/2019 Libros